00371nam a2200157Ia 4500008004100000041000800041100001300049245003800062260003600100300000800136365001300144500000800157520001900165650001000184999001900194230605s1994 xx 000 0 und d aeng aLandbarg aThe Hotel and restaurant Business bJohn Willey & Sons c1994c1994 a374 b2501h20 a300 aReference Copy aF. B. c417868d417868